| 000 | 01996nam a2200301 i 4500 | ||
|---|---|---|---|
| 003 | DO-SdBNP | ||
| 005 | 20250801141728.0 | ||
| 007 | ta | ||
| 008 | 250801b2018 dr d ||| |||| 00| 0 spa d | ||
| 020 | _a9789945015270 | ||
| 040 |
_aDO-SdBNP _bspa _cBNPHU _erda |
||
| 082 |
_axxx _bE56 _222 |
||
| 111 | 1 |
_aEncuesta Nacional de Inmigrantes-ENI _n(2º : _d2017 : _cSanto Domingo, República Dominicana) _988461 |
|
| 245 | 1 | 0 |
_aAporte al valor agregado de la población de origen extranjero en la República Dominicana / _cinvestigadores: Antonio Ciriaco Cruz, Luis H. Vargas ; correctora: Rosario Flores |
| 264 |
_aSanto Domingo : _bFondo de Población de las Naciones Unidas (UNFPA), _c2018. |
||
| 300 |
_a52 páginas ; _bgraficas ; _c28 cm. |
||
| 336 |
_atexto _btxt _2rdacontent |
||
| 337 |
_asin mediación _bn _2rdamedia |
||
| 338 |
_avolumen _bnc _2rdacarrier |
||
| 520 | _aEn la actualidad la sociedad se enfrenta a fenómenos colectivos jamás esperados, algunos de ellos parecen no tener explicación alguna, sin embargo los estudiosos del comportamiento social se encuentran ante la expectativa de saber qué viene después.El abismo entre lo exótico y lo ordinario se ha terminado. Los conflictos sociales: luchas étnicas, terrorismo, suicidios masivos, violencia intra doméstica están a la orden del día. El único beneficio de esta era digital es que estamos informados de cualquier asunto en cuestión de segundos. Por lo que la urgencia de entender estos fenómenos requiere una mayor inteligencia y nuevos modelos de explicación. | ||
| 590 | _aInventariado, 2025/ YL | ||
| 700 | 1 |
_aCiriaco Cruz, Antonio _einvestigador _4inv. _978119 |
|
| 700 | 1 |
_aVargas, Luis H. T _einvestigador _4inv. _988462 |
|
| 700 | 1 |
_aFlores, Rosario _ecorrectora _4co. _988463 |
|
| 856 | _yhttps://dominicanrepublic.unfpa.org/sites/default/files/pub-pdf/Aporte%20valor%20agregado%20de%20Poblacion%20Extranjera_Web%20-%20Estudio%20Complementario%20ENI-2017.pdf | ||
| 910 | _aYLockward | ||
| 942 |
_2ddc _cLBS1 |
||
| 999 |
_c59714 _d59714 |
||